| 000 | 00872nam a22002775a 4500 | ||
|---|---|---|---|
| 008 | 100201r20031992enka|||fr|||| 001 0 eng d | ||
| 010 | _a88021914 | ||
| 020 | _a8120310187 | ||
| 020 | _a9788120310186 | ||
| 040 |
_aEG-ScBuE _beng _cEG-ScBuE |
||
| 082 | 0 | 4 |
_a621.36 _bWIL _222 |
| 100 | 1 |
_aWilson, J. _910805 |
|
| 245 | 1 | 0 |
_aOptoelectronics, an introduction / _cJ. Wilson, J.F.B. Hawkes. |
| 250 | _a2nd ed. ,Reprint. | ||
| 260 |
_a New Delhi : _bPrentice-Hall of India , _c2003 |
||
| 300 |
_axiv, 470 p. : _bill. ; _c25 cm. |
||
| 500 | _aIndex : p. 462-470. | ||
| 500 | _aReprint of the 2003 ed. | ||
| 504 | _aIncludes bibliographies. | ||
| 590 | _ayassmeen ashraf | ||
| 650 | 0 |
_aOptoelectronics. _910806 _2BUEsh |
|
| 651 | _2BUEsh | ||
| 653 |
_bENGGEN _cAugust2015 |
||
| 700 | 1 |
_aHawkes, J. F. B., _d1942- _910807 |
|
| 942 |
_cBB _k621.36 WIL _2ddc |
||
| 999 |
_c20671 _d20643 |
||